| 000 -LEADER |
| fixed length control field |
00853nam a2200229Ia 4500 |
| 001 - CONTROL NUMBER |
| control field |
20804 |
| 003 - CONTROL NUMBER IDENTIFIER |
| control field |
GE_BSU |
| 005 - DATE AND TIME OF LATEST TRANSACTION |
| control field |
20221111123109.0 |
| 008 - FIXED-LENGTH DATA ELEMENTS--GENERAL INFORMATION |
| fixed length control field |
181216s2014||||enk|||||||||||||| ||eng|| |
| 020 ## - INTERNATIONAL STANDARD BOOK NUMBER |
| International Standard Book Number |
9780230248267x |
| 040 ## - CATALOGING SOURCE |
| Transcribing agency |
GE_BSU |
| 041 ## - LANGUAGE CODE |
| Language code of text/sound track or separate title |
eng |
| 080 ## - UNIVERSAL DECIMAL CLASSIFICATION NUMBER |
| Universal Decimal Classification number |
327(4) G-46 |
| 100 ## - MAIN ENTRY--PERSONAL NAME |
| Personal name |
Ginsberg, Roy H. |
| 9 (RLIN) |
11403 |
| 245 #4 - TITLE STATEMENT |
| Title |
The European Union in global security : |
| Remainder of title |
the politics of impact / |
| Statement of responsibility, etc. |
Roy H. Ginsberg ; Susan E. Penksa. |
| 264 ## - PRODUCTION, PUBLICATION, DISTRIBUTION, MANUFACTURE, AND COPYRIGHT NOTICE |
| Place of production, publication, distribution, manufacture |
New York : |
| Name of producer, publisher, distributor, manufacturer |
palgrave macmillan, |
| Date of production, publication, distribution, manufacture, or copyright notice |
2014. |
| 300 ## - PHYSICAL DESCRIPTION |
| Extent |
299 p. ; |
| Dimensions |
23 cm. |
| 653 ## - INDEX TERM--UNCONTROLLED |
| keyword |
ევროკავშირი გლობალურ უსაფრთხოებაში : გავლენის პოლიტიკა |
| 653 ## - INDEX TERM--UNCONTROLLED |
| keyword |
პოლიტიკა ევროკავშირის |
| 700 ## - ADDED ENTRY--PERSONAL NAME |
| Personal name |
Penksa, Susan E. |
| Relator term |
ავტორი |
| 9 (RLIN) |
11404 |
| 942 ## - ADDED ENTRY ELEMENTS (KOHA) |
| Koha item type |
წიგნი |
| Source of classification or shelving scheme |
|